QUEST Central Library Banner

Agriculture development and public policies (Record no. 14970)

MARC details
000 -LEADER
fixed length control field 00233nam a22000977a 4500
100 ## - MAIN ENTRY--AUTHOR NAME
Personal name Chaudhary, Aslam
245 ## - TITLE STATEMENT
Title Agriculture development and public policies
260 ## - PUBLICATION, DISTRIBUTION, ETC. (IMPRINT)
Place of publication Lahore
Name of publisher Izhar sons
Year of publication 1989
300 ## - PHYSICAL DESCRIPTION
Number of Pages 231p
942 ## - ADDED ENTRY ELEMENTS (KOHA)
Koha item type Books
Holdings
Withdrawn status Lost status Collection code Home library Current library Date acquired Full call number Accession Number Koha item type
    Reference Reference Section Reference Section 08/12/2015 630ASL (Shelf - 81A) 13828 Books

Copyright © 2018,The QUEST, Nawabshah, Shaheed Benazirabad. All rights reserved
Mr. G. Farooq Channar (Librarian) QUEST, Nawabshah, Sindh, Pakistan 67480.
 Ph#: |   0244-9370381-4 Ext. 2308   Email| lib@quest.edu.pk   Web|  http://www.quest.edu.pk